| 000 -LEADER |
| fixed length control field |
00303cam a22001097a 4500 |
| 008 - FIXED-LENGTH DATA ELEMENTS--GENERAL INFORMATION |
| fixed length control field |
180718b1929 xxu||||| |||| 00| 0 eng d |
| 082 ## - DEWEY DECIMAL CLASSIFICATION NUMBER |
| Classification number |
A99 C777 |
| 100 ## - MAIN ENTRY--PERSONAL NAME |
| Personal name |
Coolidge, Calvin |
| 245 ## - TITLE STATEMENT |
| Title |
Autobiography of Calvin Coolidge |
| Statement of responsibility, etc. |
by Calvin Coolidge |
| 260 ## - PUBLICATION, DISTRIBUTION, ETC. |
| Place of publication, distribution, etc. |
London |
| Name of publisher, distributor, etc. |
Chatto & Windus |
| Date of publication, distribution, etc. |
1929 |
| 300 ## - PHYSICAL DESCRIPTION |
| Extent |
246p |